| 000 | 00758nam a2200229Ia 4500 | ||
|---|---|---|---|
| 003 | OSt | ||
| 005 | 20220923214122.0 | ||
| 006 | a|||||r|||| 00| 0 | ||
| 007 | ta | ||
| 008 | 220922b |||||||| |||| 00| 0 hin d | ||
| 024 | _a167,079 | ||
| 037 | _cTextual | ||
| 040 |
_aARTS _cARTS _bhin |
||
| 041 |
_2hin _ahin |
||
| 082 | _aO152:1J94:1, H6(TPH) | ||
| 100 | _aबिहारी | ||
| 245 | 0 | _aबिहारी बोधिनी , बिहारी सतसई पर भगवानदीन दीन की टीका | |
| 246 | _aBihārī bodhinī , bihārī satasaī par bhagavānadīn dīn kī ṭīkā | ||
| 260 | _c1946 | ||
| 942 |
_hO152:1J94:1, H6(TPH) _cTEXL _2CC |
||
| 999 |
_c321558 _d321558 |
||